Atlas lesného hmyzu / (Record no. 20379)
[ view plain ]
| 000 -LEADER | |
|---|---|
| fixed length control field | 01116nam a22002771 4500 |
| 001 - CONTROL NUMBER | |
| control field | 20379 |
| 003 - CONTROL NUMBER IDENTIFIER | |
| control field | CZ PrNK |
| 005 - DATE AND TIME OF LATEST TRANSACTION | |
| control field | 20260121150900.0 |
| 008 - FIXED-LENGTH DATA ELEMENTS--GENERAL INFORMATION | |
| fixed length control field | 980925s1964 xr ||| | slo |
| 015 ## - NATIONAL BIBLIOGRAPHY NUMBER | |
| National bibliography number | cnb000862472 |
| 040 ## - CATALOGING SOURCE | |
| Original cataloging agency | ABA001 |
| Language of cataloging | cze |
| Transcribing agency | ABA001 |
| Modifying agency | ABA001 |
| 041 1# - LANGUAGE CODE | |
| Language code of text/sound track or separate title | slo |
| Language code of original | cze |
| 044 ## - COUNTRY OF PUBLISHING/PRODUCING ENTITY CODE | |
| MARC country code | xr |
| -- | xo |
| 100 1# - MAIN ENTRY--PERSONAL NAME | |
| Personal name | Loužil, Jan, |
| Dates associated with a name | 1923-2007 |
| Relationship | aut |
| 245 10 - TITLE STATEMENT | |
| Title | Atlas lesného hmyzu / |
| Statement of responsibility, etc. | Jan Loužil ; [farebné obrázky nakreslila Julie Režná-Loužilová ; z českého textu preložil Ladislav Finta] |
| 250 ## - EDITION STATEMENT | |
| Edition statement | 2. vyd. |
| 260 ## - PUBLICATION, DISTRIBUTION, ETC. | |
| Place of publication, distribution, etc. | Bratislava : |
| Name of publisher, distributor, etc. | Slovenské vydavateľstvo pôdohospodárskej literatúry ; |
| Place of publication, distribution, etc. | Praha : |
| Name of publisher, distributor, etc. | Státní zemědělské nakladatelství, |
| Date of publication, distribution, etc. | 1964 |
| 300 ## - PHYSICAL DESCRIPTION | |
| Extent | 189 s. : |
| Other physical details | il. (převážně barev.) ; |
| Dimensions | 19 cm |
| 490 1# - SERIES STATEMENT | |
| Series statement | Lesnícka knižnica. Malé lesnícke atlasy ; |
| Volume/sequential designation | 4 |
| 700 1# - ADDED ENTRY--PERSONAL NAME | |
| Personal name | Režná, Julie, |
| Dates associated with a name | 1924-2019 |
| Relationship | ill |
| 700 1# - ADDED ENTRY--PERSONAL NAME | |
| Personal name | Finta, Ladislav |
| Relationship | trl |
| 830 #0 - SERIES ADDED ENTRY--UNIFORM TITLE | |
| Uniform title | Lesnícka knižnica. |
| Name of part/section of a work | Malé lesnícke atlasy |
| 856 41 - ELECTRONIC LOCATION AND ACCESS | |
| Uniform Resource Identifier | <a href="http://krameriusndk.nkp.cz/search/handle/uuid:49f42ea0-e936-11ef-ab07-005056827e51">http://krameriusndk.nkp.cz/search/handle/uuid:49f42ea0-e936-11ef-ab07-005056827e51</a> |
| Link text | Digitalizovaný dokument |
| 910 ## - USER-OPTION DATA (OCLC) | |
| User-option data | ABA001 |
| 942 ## - ADDED ENTRY ELEMENTS (KOHA) | |
| Source of classification or shelving scheme | Dewey Decimal Classification |
| Koha item type | Odborná literatúra pre dospelých |
| Suppress in OPAC | No |
| Stav vyradenia | Strata | Poškodenie | Spôsob nadobudnutia | Domovská knižnica | Aktuálna knižnica | Dátum nadobudnutia | Total checkouts | Čiarový kód exemplára | Date last seen | Typ exemplára |
|---|---|---|---|---|---|---|---|---|---|---|
| Dar | Obecná knižnica Horná Štubňa | Obecná knižnica Horná Štubňa | 21.01.2026 | 4736200406 | 21.01.2026 | Odborná literatúra pre dospelých |
